00259nam a22000977a 4500008004100000082001100041245007400052260000900126300001000135440001600145180806b xxu||||| |||| 00| 0 eng d a813.52 aTheoretical and Scientific Foundations for Nursing PracticecLaureate c2011 a1fCD x18003390480